000 00681nam a2200229 a 4500
001 BRCA_6202
005 20190320205353.0
008 120711s1934----u--#######---#000-0#eng-#
041 _aeng
044 _au
050 4 _aNK2110
_b.P37 1934
245 1 0 _aHow to work wonders with color in your home
_cBy Elizabeth Parker.
260 _aMilwaukee, Wisconsin
_bPittsburg Plate Glass Co.
_c1934
300 _a20 p.
_bil. a color
_c17 cm.
500 _aFolleto inventariado como libro por el Banco de México.
500 _aI62
650 1 4 _aDecoración y ornamentación
_93592
650 1 4 _aColor
_913437
700 1 _aParker, Elizabeth
_915601
902 _aGFM
942 _2lcc
_cB
999 _c5889
_d5889